[Event "Mondiale Lampo FIDE 2019"]
[Site "Mosca"]
[Date "30.12.2019"]
[Round "15.66"]
[White "Guseinov, Gadir"]
[Black "Kim, Alexey"]
[Result "0-1"]
[WhiteTitle "GM"]
[BlackTitle "GM"]
[WhiteElo "2666"]
[BlackElo "2464"]
[WhiteFideId "13401378"]
[BlackFideId "4129776"]
[EventDate "2019.12.29"]

1. e4 c5 2. Nc3 Nc6 3. Bb5 g6 4. Bxc6 dxc6 5. f4 Bg7 6. d3 e5 7. fxe5 Bxe5 8.
Nf3 Bg7 9. O-O Ne7 10. Be3 b6 11. Qd2 O-O 12. Bh6 Bg4 13. Bxg7 Kxg7 14. Qf4 Bxf3
15. Rxf3 Qd4+ 16. Kh1 f5 17. Qh4 Rf7 18. Re1 Raf8 19. Ref1 c4 20. Ne2 Qxb2 21.
Rh3 Kg8 22. exf5 Nxf5 23. Qxc4 b5 24. Qc5 Ng3+ 25. hxg3 Rxf1+ 0-1

[Event "Mondiale Lampo FIDE 2019"]
[Site "Mosca"]
[Date "30.12.2019"]
[Round "15.67"]
[White "Geller, Jakov"]
[Black "Belov, Vladimir"]
[Result "1/2-1/2"]
[WhiteTitle "GM"]
[BlackTitle "GM"]
[WhiteElo "2521"]
[BlackElo "2598"]
[WhiteFideId "4151984"]
[BlackFideId "4132394"]
[EventDate "2019.12.29"]

1. e4 c5 2. Nc3 d6 3. g3 Nc6 4. Bg2 g6 5. d3 Bg7 6. Be3 e6 7. Qd2 Rb8 8. Nge2
Nd4 9. O-O b5 10. Nd1 Ne7 11. c3 Nxe2+ 12. Qxe2 O-O 13. d4 cxd4 14. cxd4 b4 15.
Rc1 Qa5 16. Re1 Qxa2 17. Bg5 f6 18. Bd2 Qa6 19. Qxa6 Bxa6 20. Rc7 Rb7 21. Rxb7
Bxb7 22. Bxb4 Nc6 23. Bxd6 Rd8 24. Bc5 Nxd4 25. Ne3 a6 26. b4 Bf8 27. Nc4 e5 28.
f4 exf4 29. gxf4 Ne6 30. Bxf8 Kxf8 31. e5 Bxg2 32. Kxg2 Nxf4+ 33. Kg3 Nh5+ 34.
Kf3 fxe5 35. Rxe5 Rb8 36. Nd6 Rxb4 37. Re8+ Kg7 38. Re7+ Kf6 39. Rxh7 a5 40.
Ne4+ Ke6 41. Nc5+ Kd5 42. Nd3 Rb3 43. Ke2 Ra3 44. Rh6 Kd4 45. Ne1 Ra2+ 46. Kd1
Nf4 47. Rh4 g5 48. Rh8 a4 49. Ra8 Ke4 50. Ra5 g4 51. Nc2 Nd5 52. Ra8 Ne3+ 53.
Nxe3 Kxe3 54. Rh8 a3 55. Kc1 Rg2 56. Kb1 Kf2 57. Rh4 Kf3 58. Ka1 Re2 59. Kb1 Kf4
60. h3 Rg2 61. Rxg4+ Rxg4 62. hxg4 Kxg4 1/2-1/2

[Event "Mondiale Lampo FIDE 2019"]
[Site "Mosca"]
[Date "30.12.2019"]
[Round "15.68"]
[White "Xu, Yinglun"]
[Black "Yuffa, Daniil"]
[Result "0-1"]
[WhiteTitle "GM"]
[BlackTitle "GM"]
[WhiteElo "2555"]
[BlackElo "2566"]
[WhiteFideId "8604940"]
[BlackFideId "24131423"]
[EventDate "2019.12.29"]

1. Nf3 d6 2. d4 Nf6 3. c4 g6 4. Nc3 Bg7 5. e4 O-O 6. Be2 e5 7. O-O Nc6 8. d5 Ne7
9. Bg5 h6 10. Be3 Ng4 11. Bd2 a5 12. Rc1 Bd7 13. h3 Nf6 14. c5 Ne8 15. cxd6 Nxd6
16. Be3 f5 17. Nd2 b6 18. exf5 gxf5 19. f4 Ng6 20. fxe5 f4 21. Bf2 Nxe5 22. Nf3
Nec4 23. Bxc4 Nxc4 24. Qe2 Ne3 25. Bxe3 Re8 26. d6 fxe3 27. dxc7 Qxc7 28. Nd5
Qb7 29. Nc7 Rad8 30. Nxe8 Rxe8 31. Rfd1 Bf5 32. Rc4 Qe7 33. Nh4 Bh7 34. Rf1 Kh8
35. Rg4 Qe6 36. Rg3 Be5 37. Rxe3 Bd4 38. Kh1 Qxe3 39. Qh5 Qe5 40. Qf7 Rg8 41.
Qf3 0-1

[Event "Mondiale Lampo FIDE 2019"]
[Site "Mosca"]
[Date "30.12.2019"]
[Round "15.69"]
[White "Donchenko, Alexander"]
[Black "Ismagambetov, Anuar"]
[Result "0-1"]
[WhiteTitle "GM"]
[BlackTitle "GM"]
[WhiteElo "2644"]
[BlackElo "2528"]
[WhiteFideId "24603295"]
[BlackFideId "13701525"]
[EventDate "2019.12.29"]

1. e4 c5 2. Nf3 Nc6 3. Nc3 e5 4. Bc4 Be7 5. d3 Nf6 6. Bg5 O-O 7. O-O d6 8. a3 h6
9. Bxf6 Bxf6 10. Nd5 g6 11. b4 Bg7 12. Rb1 Kh8 13. c3 f5 14. Qd2 f4 15. d4 cxd4
16. cxd4 Nxd4 17. Nxd4 exd4 18. Nxf4 Qg5 19. g3 Be5 20. Kh1 Bxf4 21. gxf4 Qxf4
22. Qxd4+ Kh7 23. f3 Bh3 24. Rf2 b6 25. Rd1 Rf6 26. Qd2 Qh4 27. Rg1 Raf8 28. Rg3
Bc8 29. Qd5 Qf4 30. Kg2 Be6 31. Qd4 Bc8 32. Qd2 g5 33. Qd4 g4 34. Rf1 gxf3+ 35.
Kh1 f2 36. Bd3 Qe5 37. Qe3 Bb7 38. Kg2 Rf4 39. Rd1 Bxe4+ 40. Bxe4+ Rxe4 41. Qd3
Kh8 42. Rf1 d5 43. Rxf2 Rxf2+ 44. Kxf2 Qd4+ 45. Qxd4+ Rxd4 46. Rg6 Rd2+ 47. Kg1
Kh7 48. Rd6 d4 49. Rd7+ Kg6 50. Rxa7 Kf5 51. Re7 Ra2 52. Kf1 Rxh2 53. Ke1 Ra2
54. Rb7 Ke4 55. Rxb6 h5 56. Rh6 Ke3 57. Kf1 Ra1+ 58. Kg2 d3 59. Rxh5 d2 60. Re5+
Kd4 61. Re7 d1=Q 0-1

[Event "Mondiale Lampo FIDE 2019"]
[Site "Mosca"]
[Date "30.12.2019"]
[Round "15.70"]
[White "Vastrukhin, Oleg"]
[Black "Popov, Ivan RUS"]
[Result "1-0"]
[WhiteTitle "IM"]
[BlackTitle "GM"]
[WhiteElo "2428"]
[BlackElo "2636"]
[WhiteFideId "4192770"]
[BlackFideId "4170350"]
[EventDate "2019.12.29"]

1. Nf3 d5 2. g3 Bg4 3. Ne5 Bf5 4. d4 Nd7 5. Bg2 c6 6. O-O Ngf6 7. c4 e6 8. Nc3
Be7 9. Qb3 Qb6 10. Nxd7 Nxd7 11. e4 dxe4 12. Nxe4 O-O 13. Be3 Qxb3 14. axb3 a6
15. h3 Nf6 16. Nc5 Bxc5 17. dxc5 Rad8 18. b4 Rd7 19. Rfd1 Bd3 20. b3 e5 21. Bg5
Rfd8 22. Rd2 Ne4 23. Rxd3 Nxg5 24. Rxd7 Rxd7 25. b5 cxb5 26. cxb5 e4 27. bxa6
bxa6 28. Rxa6 f5 29. b4 Rd1+ 30. Kh2 Rd2 31. h4 Nf7 32. Ra8+ Rd8 33. Rxd8+ Nxd8
34. b5 Kf7 35. c6 1-0

[Event "Mondiale Lampo FIDE 2019"]
[Site "Mosca"]
[Date "30.12.2019"]
[Round "15.71"]
[White "Sjugirov, Sanan"]
[Black "Atabayev, Saparmyrat"]
[Result "1-0"]
[WhiteTitle "GM"]
[BlackTitle "IM"]
[WhiteElo "2665"]
[BlackElo "2425"]
[WhiteFideId "4189302"]
[BlackFideId "14000571"]
[EventDate "2019.12.29"]

1. d4 Nf6 2. c4 e6 3. Nf3 d5 4. Nc3 Be7 5. cxd5 exd5 6. Qc2 c6 7. h3 Na6 8. a3
Nc7 9. Bf4 a5 10. e3 O-O 11. Bd3 Nce8 12. g4 Nd6 13. Bxd6 Qxd6 14. g5 Ne4 15.
Nxe4 dxe4 16. Bxe4 g6 17. h4 Bg4 18. Ne5 Bh5 19. f4 Rac8 20. Rc1 f6 21. gxf6
Bxf6 22. Qb3+ Kg7 23. Qxb7+ Rc7 24. Qb6 Qe7 25. Rxc6 Bxh4+ 26. Kd2 Rxc6 27. Qxc6
Rb8 28. Qc3 Bf6 29. Rc1 Bxe5 30. fxe5 Qh4 31. Qc7+ Kh6 32. Qxb8 Qf2+ 33. Kc3
Qxe3+ 34. Kc4 Qxc1+ 35. Kd5 Bg4 36. Qf8+ Kh5 37. Qf7 Kh6 38. Qf8+ Kh5 39. Qe7
Kh6 40. e6 Qxb2 41. Qh4+ Bh5 42. Qf4+ Kg7 43. Qc7+ Kh6 44. e7 Qa2+ 45. Kc5 Qxa3+
46. Kb6 Qb4+ 47. Kc6 Qc4+ 48. Kb7 Qb5+ 49. Qb6 Qd7+ 50. Qc7 Qb5+ 51. Ka8 Qe8+
52. Ka7 Bg4 53. Bc6 Qf7 54. Kb8 Qb3+ 55. Bb7 Qg8+ 56. Ka7 Be6 57. d5 Bf7 58. d6
Qe8 59. Qd8 Qb5 60. Qf8+ 1-0

[Event "Mondiale Lampo FIDE 2019"]
[Site "Mosca"]
[Date "30.12.2019"]
[Round "15.72"]
[White "Vishnu Prasanna, V"]
[Black "Afanasiev, Nikita"]
[Result "1-0"]
[WhiteTitle "GM"]
[BlackTitle "IM"]
[WhiteElo "2493"]
[BlackElo "2517"]
[WhiteFideId "5030692"]
[BlackFideId "24183555"]
[EventDate "2019.12.29"]

1. d4 Nf6 2. c4 b6 3. Nf3 e6 4. g3 Ba6 5. Nbd2 b5 6. cxb5 Bxb5 7. Bg2 d5 8. O-O
Be7 9. Nb3 Nbd7 10. Bd2 O-O 11. Rc1 Qb8 12. Ba5 Rc8 13. Nc5 Nxc5 14. dxc5 c6 15.
Bc3 Nd7 16. b4 a5 17. a3 axb4 18. axb4 e5 19. Bh3 Rd8 20. Bxd7 d4 21. Bf5 dxc3
22. Qc2 g6 23. Bd3 Bxd3 24. exd3 Ra3 25. Rb1 Rd5 26. Rfe1 Bf6 27. Re4 Qd8 28. b5
cxb5 29. Rxb5 Ra5 30. Rxa5 Qxa5 31. c6 Qb5 32. Rc4 Rc5 33. Qxc3 Qb1+ 34. Kg2
Rxc4 35. Qxc4 Qb8 36. c7 Qc8 37. Qc6 Kg7 38. Qd6 Qb7 39. Qd7 e4 40. dxe4 1-0

[Event "Mondiale Lampo FIDE 2019"]
[Site "Mosca"]
[Date "30.12.2019"]
[Round "15.73"]
[White "Petrosian, Tigran L."]
[Black "Tsoi, Dmitry"]
[Result "1-0"]
[WhiteTitle "GM"]
[BlackTitle "FM"]
[WhiteElo "2601"]
[BlackElo "2321"]
[WhiteFideId "13301616"]
[BlackFideId "24194697"]
[EventDate "2019.12.29"]

1. Nf3 f5 2. g3 Nf6 3. Bg2 e6 4. d3 d6 5. Nbd2 Be7 6. e4 fxe4 7. dxe4 e5 8. a4
O-O 9. a5 c6 10. O-O Kh8 11. b4 Be6 12. c3 Na6 13. Re1 Nc7 14. Bb2 b5 15. Qe2
Rb8 16. Rad1 Qc8 17. Qf1 Bg8 18. Bh3 Be6 19. Bg2 a6 20. h3 Bg8 21. Kh2 Ne6 22.
Nh4 g6 23. Qd3 Nh5 24. Nhf3 c5 25. Nf1 c4 26. Qc2 Nc7 27. Bc1 Be6 28. Ng5 Bg8
29. Qe2 Ne6 30. Nxe6 Bxe6 31. Ne3 Nf6 32. Nc2 Ne8 33. Bh6 Rf7 34. Qd2 Nc7 35.
Rf1 Qg8 36. Bg5 Bf8 37. Be3 Ne8 38. f4 Bg7 39. Rf2 Bc8 40. Rdf1 Bb7 41. f5 Rd8
42. Bg5 Rdd7 43. Ne3 h6 44. fxg6 Rxf2 45. Rxf2 hxg5 46. Ng4 Qe6 47. Qxg5 Kg8 48.
h4 Qe7 49. Qh5 Nf6 50. Nxf6+ Bxf6 51. Qh7+ Qxh7 52. gxh7+ Kxh7 53. Rxf6 d5 54.
exd5 Bxd5 55. Rxa6 Bxg2 56. Kxg2 Rd3 57. Re6 1-0

[Event "Mondiale Lampo FIDE 2019"]
[Site "Mosca"]
[Date "30.12.2019"]
[Round "15.74"]
[White "Suleymanli, Aydin"]
[Black "Guliyev, Namig"]
[Result "1/2-1/2"]
[WhiteTitle "IM"]
[BlackTitle "GM"]
[WhiteElo "2473"]
[BlackElo "2548"]
[WhiteFideId "13413937"]
[BlackFideId "13400363"]
[EventDate "2019.12.29"]

1. d4 d5 2. c4 dxc4 3. e3 e5 4. Bxc4 exd4 5. exd4 Nf6 6. Nf3 Be7 7. O-O O-O 8.
Nc3 Nbd7 9. Re1 Nb6 10. Bb3 c6 11. Qd3 Nfd5 12. a3 Be6 13. Bc2 g6 14. Bh6 Bf5
15. Qd2 Re8 16. Bxf5 gxf5 17. Re5 Nc4 18. Qd3 Nxe5 19. Nxe5 Bg5 20. Qg3 f4 21.
Qxg5+ Qxg5 22. Bxg5 f6 23. Nxd5 cxd5 24. Bxf6 Rac8 25. Nd3 Re2 26. Rd1 Rcc2 27.
Kf1 Red2 28. Rxd2 Rxd2 29. Nxf4 Rxb2 30. Nxd5 Kf7 31. Be5 Ra2 32. f4 Rxa3 33. f5
a5 34. g4 a4 35. Ke2 Rb3 36. Bd6 a3 37. Bxa3 Rxa3 38. h4 Rh3 39. h5 Rg3 40. Ne3
b5 41. Kf2 Rh3 42. Ke2 b4 43. Nc4 Rc3 44. Nd6+ Kf8 45. Ne4 Rc1 46. Kd2 Rg1 47.
g5 Rg4 48. Nf6 Rxd4+ 49. Kc2 h6 50. gxh6 Rf4 51. h7 Kg7 52. h6+ Kh8 53. Nd5 Rxf5
54. Nxb4 Kxh7 55. Kd3 Kxh6 56. Ke4 Kg5 57. Nd5 Rf1 58. Ne3 Re1 59. Kf3 Ra1 60.
Ke4 Ra5 61. Nd5 Ra4+ 62. Ke5 Kg6 63. Nf4+ Kf7 64. Nd5 Ra5 65. Kd4 Ke6 66. Nf4+
Kd6 67. Ke4 Re5+ 1/2-1/2

[Event "Mondiale Lampo FIDE 2019"]
[Site "Mosca"]
[Date "30.12.2019"]
[Round "15.75"]
[White "Triapishko, Alexandr"]
[Black "Bosiocic, Marin"]
[Result "0-1"]
[WhiteTitle "IM"]
[BlackTitle "GM"]
[WhiteElo "2502"]
[BlackElo "2623"]
[WhiteFideId "14122286"]
[BlackFideId "14507927"]
[EventDate "2019.12.29"]

1. Nf3 d5 2. b3 Nf6 3. Bb2 g6 4. c4 dxc4 5. bxc4 Bg7 6. g3 O-O 7. Bg2 c5 8. O-O
Nc6 9. d3 Qc7 10. Nc3 Be6 11. Rb1 Rad8 12. Qc1 Qc8 13. Ng5 Bh6 14. f4 Bd7 15.
Nce4 Nxe4 16. Nxe4 b6 17. Rf2 Bg7 18. Bxg7 Kxg7 19. Qb2+ f6 20. Nc3 Bh3 21. Rbf1
Bxg2 22. Kxg2 Qb7 23. Kg1 Nd4 24. e3 Nf5 25. Qe2 h5 26. Rd1 Qd7 27. Qf3 Qe6 28.
Re2 Rd7 29. Kf2 Rfd8 30. Nd5 Qf7 31. Red2 b5 32. Qe2 bxc4 33. dxc4 Nd6 34. Nc3
Qe6 35. e4 h4 36. g4 h3 37. Kg3 g5 38. Nd5 Qxe4 39. Kxh3 gxf4 40. Nc3 Rh8# 0-1

[Event "Mondiale Lampo FIDE 2019"]
[Site "Mosca"]
[Date "30.12.2019"]
[Round "15.76"]
[White "Ruck, Robert"]
[Black "Atabayev, Maksat"]
[Result "0-1"]
[WhiteTitle "GM"]
[BlackTitle "GM"]
[WhiteElo "2530"]
[BlackElo "2475"]
[WhiteFideId "705713"]
[BlackFideId "14001101"]
[EventDate "2019.12.29"]

1. Nf3 Nf6 2. c4 d6 3. d4 g6 4. g3 Bg7 5. Bg2 O-O 6. O-O c6 7. Nc3 Bf5 8. b3 Ne4
9. Bb2 Nxc3 10. Bxc3 Be4 11. e3 d5 12. Bh3 Bxf3 13. Qxf3 e6 14. Rfc1 a5 15. Qe2
Nd7 16. Bf1 Re8 17. cxd5 exd5 18. Qc2 Nf6 19. b4 axb4 20. Bxb4 Ne4 21. a4 h5 22.
a5 Re6 23. Be1 h4 24. Rab1 Qe7 25. Rb6 Ng5 26. a6 bxa6 27. Rxc6 Nf3+ 28. Kg2
Nxd4 29. Rxe6 Nxe6 30. Qc6 Rd8 31. Qxa6 d4 32. Bd2 Qf6 33. Qb7 h3+ 34. Kg1 Ng5
35. Be2 Re8 36. Rd1 Ne4 37. Be1 dxe3 38. fxe3 Qg5 39. Rd3 Nc5 40. Qd5 Re5 41.
Qd8+ Qxd8 42. Rxd8+ Kh7 43. Bd2 Ne4 44. Be1 Bh6 45. Rd3 Nc5 46. Rc3 Bxe3+ 47.
Kh1 Bd4 48. Rc2 Nd3 49. Bc3 Bxc3 50. Rxc3 Rxe2 0-1

[Event "Mondiale Lampo FIDE 2019"]
[Site "Mosca"]
[Date "30.12.2019"]
[Round "15.77"]
[White "Tsvetkov, Andrey"]
[Black "Iljiushenok, Ilia"]
[Result "0-1"]
[WhiteTitle "FM"]
[BlackTitle "GM"]
[WhiteElo "2350"]
[BlackElo "2521"]
[WhiteFideId "34139360"]
[BlackFideId "24105074"]
[EventDate "2019.12.29"]

1. d4 Nf6 2. c4 g6 3. Nc3 Bg7 4. e4 d6 5. Be2 O-O 6. Be3 Na6 7. Nf3 Qe8 8. O-O
e5 9. d5 Nh5 10. g3 Bh3 11. Re1 h6 12. a3 Qd7 13. Kh1 Qe7 14. b4 Nf6 15. Ng1 Bd7
16. c5 Nb8 17. Rc1 Ne8 18. Qb3 Kh8 19. Nb5 Bxb5 20. Bxb5 c6 21. Bf1 f5 22. f3 f4
23. Bf2 a5 24. Red1 axb4 25. axb4 fxg3 26. hxg3 cxd5 27. Rxd5 Nc6 28. cxd6 Nxd6
29. Bc5 Rad8 30. Rcd1 Nd4 31. Qd3 Qc7 32. Bg2 b6 33. Bxd4 exd4 34. Ne2 Nf7 35.
Nf4 Qc6 36. b5 Qf6 37. e5 Qg5 38. Nxg6+ Kg8 39. Nxf8 Rxd5 40. e6 Qxg3 41. exf7+
Kxf8 42. Qe4 Re5 43. Qc6 Re1+ 44. Rxe1 Qxe1+ 45. Bf1 Qxf1+ 0-1

[Event "Mondiale Lampo FIDE 2019"]
[Site "Mosca"]
[Date "30.12.2019"]
[Round "15.78"]
[White "Sek, Konstantin"]
[Black "Mesropov, Konstantin"]
[Result "1-0"]
[BlackTitle "IM"]
[WhiteElo "2446"]
[BlackElo "2422"]
[WhiteFideId "24104302"]
[BlackFideId "4116887"]
[EventDate "2019.12.29"]

1. e4 e6 2. d4 d5 3. Nd2 Nc6 4. Ngf3 Nf6 5. e5 Nd7 6. c4 dxc4 7. Nxc4 Nb4 8. a3
Nd5 9. Ng5 N7b6 10. Qh5 Qe7 11. Bd2 Bd7 12. Rc1 Bc6 13. Na5 Qd7 14. Nxc6 bxc6
15. Bd3 g6 16. Qf3 h6 17. Ne4 Be7 18. h4 h5 19. g3 a5 20. O-O a4 21. Rc2 Nc8 22.
Rfc1 Na7 23. Rc4 Nb5 24. Bg5 Bxg5 25. hxg5 O-O 26. Kg2 Kg7 27. Nf6 Qd8 28. Qe4
Rh8 29. Rxc6 Rb8 30. R1c5 Ne7 31. Bxb5 Nxc6 32. Bxc6 Rxb2 33. d5 Qe7 34. Rc3
exd5 35. Bxd5 Rhb8 36. Rf3 Rf8 1-0

[Event "Mondiale Lampo FIDE 2019"]
[Site "Mosca"]
[Date "30.12.2019"]
[Round "15.79"]
[White "Dragnev, Valentin"]
[Black "Pogosyan, Stefan"]
[Result "1/2-1/2"]
[WhiteTitle "GM"]
[BlackTitle "IM"]
[WhiteElo "2553"]
[BlackElo "2459"]
[WhiteFideId "1634852"]
[BlackFideId "34159867"]
[EventDate "2019.12.29"]

1. Nf3 Nf6 2. c4 Nc6 3. Nc3 e5 4. e3 Bb4 5. Qc2 O-O 6. Nd5 Be7 7. Nxe7+ Qxe7 8.
d3 d5 9. cxd5 Nxd5 10. a3 a5 11. Be2 Bg4 12. O-O Rad8 13. b3 Rfe8 14. Bb2 Rd6
15. Rac1 Rg6 16. Kh1 Rd8 17. Rfd1 Nb6 18. d4 e4 19. Ne5 Nxe5 20. dxe5 Rc6 21.
Rxd8+ Qxd8 22. Rd1 Qe7 23. Qd2 Bxe2 24. Qxe2 h6 25. h3 Qe6 26. b4 axb4 27. axb4
Nc4 28. b5 Rc5 29. Rd8+ Kh7 30. Qc2 f5 31. exf6 gxf6 32. Bd4 Rxb5 33. Rf8 Rf5
34. Qe2 c5 35. Bc3 Ne5 36. Qb5 Rxf2 37. Qxb7+ Nd7 38. Rd8 Rf1+ 39. Kh2 Qd6+ 40.
Be5 Qxe5+ 41. g3 Rf2+ 42. Kh1 Rd2 43. Rxd7+ Rxd7 44. Qxd7+ Kg6 45. Qc6 h5 46.
Kg2 Kf5 47. Qc8+ Kg6 48. Qg8+ Kh6 49. Qh8+ Kg6 50. Qg8+ Kf5 51. Qc8+ Qe6 52.
Qxc5+ Kg6 53. Qc2 Qd5 54. Qb2 Qd3 55. Qf2 Qd1 56. Qf1 Qd2+ 57. Qf2 Qd1 58. Qf1
Qxf1+ 59. Kxf1 Kf5 60. Kf2 Ke5 61. g4 h4 62. Ke2 Kd5 63. Kd2 Kc4 64. Kc2 Kb4 65.
Kb2 Kc4 66. Kc2 1/2-1/2

[Event "Mondiale Lampo FIDE 2019"]
[Site "Mosca"]
[Date "30.12.2019"]
[Round "15.80"]
[White "Tran, Tuan Minh"]
[Black "Xu, Xiangyu"]
[Result "1-0"]
[WhiteTitle "GM"]
[BlackTitle "GM"]
[WhiteElo "2529"]
[BlackElo "2582"]
[WhiteFideId "12401820"]
[BlackFideId "8608288"]
[EventDate "2019.12.29"]

1. c4 e6 2. Nc3 d5 3. d4 dxc4 4. Nf3 c5 5. e3 Nf6 6. Bxc4 a6 7. O-O Nc6 8. Bb3
b5 9. Qe2 Bb7 10. Rd1 Be7 11. dxc5 Qc7 12. e4 Bxc5 13. e5 Ng4 14. Ne4 Ncxe5 15.
Bf4 Nxf3+ 16. Qxf3 Ne5 17. Qg3 Bxe4 18. Bxe5 Qa7 19. Re1 Bg6 20. Bxg7 Rg8 21.
Bf6 Bd4 22. Bxd4 Qxd4 23. Rad1 Qc5 24. Qf3 Rd8 25. Rxd8+ Kxd8 26. Qf6+ Kc7 27.
Qf4+ Kb7 28. Rc1 Qb6 29. Bd1 Ka7 30. Rc7+ 1-0

[Event "Mondiale Lampo FIDE 2019"]
[Site "Mosca"]
[Date "30.12.2019"]
[Round "15.81"]
[White "Novikov, Stanislav"]
[Black "Shcherbakov, Ruslan"]
[Result "1/2-1/2"]
[WhiteTitle "GM"]
[BlackTitle "GM"]
[WhiteElo "2531"]
[BlackElo "2527"]
[WhiteFideId "4125371"]
[BlackFideId "4102240"]
[EventDate "2019.12.29"]

1. e4 c5 2. Nf3 Nc6 3. Bb5 g6 4. O-O Bg7 5. c3 Nf6 6. Re1 O-O 7. e5 Nd5 8. d4
cxd4 9. cxd4 d6 10. Nc3 Nxc3 11. bxc3 a6 12. Bxc6 bxc6 13. exd6 exd6 14. Qa4 Bd7
15. Bg5 Qc7 16. Re7 h6 17. Bf4 g5 18. Bd2 Bf6 19. Ree1 c5 20. Qa3 Bc6 21. dxc5
Bxf3 22. cxd6 Qc6 23. gxf3 Qxf3 24. Re3 Qd5 25. Be1 Rfd8 26. c4 Qxc4 27. Rc1
Qg4+ 28. Rg3 Qe6 29. Rd1 Rd7 30. Rgd3 Be5 31. f3 Rad8 32. Bg3 Bxg3 33. hxg3 Qe5
34. Kf2 Rc8 35. R1d2 Re8 36. Qc1 Re6 37. Qd1 Rf6 38. Kg2 h5 39. Re2 Qf5 40. Ree3
Qc5 41. Qd2 Rfxd6 42. Re8+ Kh7 43. Rxd6 Rxd6 44. Qb2 Qd4 45. Qc2+ Qd3 46. Qxd3+
Rxd3 47. Re5 Kg6 48. Ra5 Rd2+ 49. Kh3 Rd6 50. f4 f6 51. fxg5 fxg5 52. Kg2 Rf6
53. Kh2 Kh6 54. Kg2 Kg6 55. Kh2 Rb6 56. Kg2 g4 57. Kf2 Rb2+ 58. Kg1 Rb1+ 59. Kg2
Rb2+ 60. Kg1 Rb5 61. Rxa6+ Kf5 62. Ra4 Rb2 63. Rf4+ Kg5 64. Ra4 Kf5 65. Ra5+ Ke4
66. Rxh5 Kf3 67. Ra5 Rb1+ 68. Kh2 Rb2+ 69. Kg1 Kxg3 70. Ra3+ Kh4 71. Rc3 Rxa2
72. Rb3 1/2-1/2

[Event "Mondiale Lampo FIDE 2019"]
[Site "Mosca"]
[Date "30.12.2019"]
[Round "15.82"]
[White "Tregubov, Pavel V."]
[Black "Gasanov, Eldar"]
[Result "1/2-1/2"]
[WhiteTitle "GM"]
[BlackTitle "GM"]
[WhiteElo "2588"]
[BlackElo "2481"]
[WhiteFideId "4115341"]
[BlackFideId "14104466"]
[EventDate "2019.12.29"]

1. e4 c5 2. Nf3 Nc6 3. c3 e5 4. d4 exd4 5. cxd4 cxd4 6. Nxd4 Nf6 7. Nc3 Bb4 8.
Nxc6 dxc6 9. Qxd8+ Kxd8 10. Bg5 Kc7 11. f3 Be6 12. Bf4+ Kd8 13. O-O-O+ Nd7 14.
a3 Be7 15. Be2 Kc8 16. h4 Rd8 17. h5 h6 18. g4 Bg5 19. Bxg5 hxg5 20. h6 g6 21.
e5 Kc7 22. Ne4 Nxe5 23. Rxd8 Rxd8 24. Nxg5 Bd5 25. h7 Rh8 26. Rh6 f6 27. f4 Nd7
28. Nf3 Nf8 29. Nh4 Bf7 30. Bd3 Rxh7 31. Rxh7 Nxh7 32. Nxg6 Bd5 33. Kd2 Kd6 34.
Ke3 a5 35. b4 axb4 36. axb4 b6 37. Nh4 Nf8 38. g5 fxg5 39. fxg5 c5 40. bxc5+
bxc5 41. g6 Nxg6 42. Bxg6 Ke5 43. Bc2 c4 44. Ng6+ Kd6 45. Kd4 Bf7 46. Ne5 Bd5
47. Bd1 Be6 48. Bc2 c3 49. Nf3 Bd5 50. Nh4 Be6 51. Kxc3 1/2-1/2

[Event "Mondiale Lampo FIDE 2019"]
[Site "Mosca"]
[Date "30.12.2019"]
[Round "15.83"]
[White "Vokhidov, Shamsiddin"]
[Black "Kazakouski, Valery"]
[Result "1-0"]
[WhiteTitle "IM"]
[BlackTitle "IM"]
[WhiteElo "2526"]
[BlackElo "2485"]
[WhiteFideId "14204223"]
[BlackFideId "13507443"]
[EventDate "2019.12.29"]

1. e4 e5 2. Nf3 Nc6 3. Bc4 Nf6 4. d3 Be7 5. O-O O-O 6. Re1 d6 7. a4 Na5 8. Ba2
c5 9. c3 h6 10. Na3 Nc6 11. Nc2 Be6 12. Bxe6 fxe6 13. b4 b6 14. b5 Na5 15. Rb1
a6 16. d4 exd4 17. cxd4 axb5 18. axb5 Nb7 19. Bb2 Qc7 20. Qe2 Nd8 21. dxc5 dxc5
22. Ne5 Ra4 23. Qd3 Qd6 24. f3 Qxd3 25. Nxd3 Nb7 26. Ra1 Rfa8 27. Ne3 Rxa1 28.
Rxa1 Rd8 29. Ne5 Bf8 30. N3c4 Nd6 31. Nxd6 Bxd6 32. Nc6 Rd7 33. e5 Nd5 34. exd6
Rxd6 35. Ra7 Nf6 36. Ne7+ Kf8 37. Bxf6 gxf6 38. Nc8 Rd1+ 39. Kf2 c4 40. Rc7 Rd2+
41. Kg3 Rb2 42. Nd6 1-0

[Event "Mondiale Lampo FIDE 2019"]
[Site "Mosca"]
[Date "30.12.2019"]
[Round "15.84"]
[White "Deviatkin, Andrei"]
[Black "Yanchenko, Roman"]
[Result "1/2-1/2"]
[WhiteTitle "GM"]
[BlackTitle "FM"]
[WhiteElo "2436"]
[BlackElo "2463"]
[WhiteFideId "4121260"]
[BlackFideId "4137329"]
[EventDate "2019.12.29"]

1. e4 e6 2. d4 d5 3. Nd2 c5 4. exd5 exd5 5. Ngf3 Nc6 6. Bb5 c4 7. O-O Bd6 8.
Bxc6+ bxc6 9. b3 cxb3 10. axb3 Ne7 11. Ba3 Bxa3 12. Rxa3 O-O 13. Ne5 f6 14. Nd3
Ng6 15. Re1 Rf7 16. c3 Bf5 17. Nc5 Nf8 18. Nf1 Nd7 19. Ng3 Nxc5 20. dxc5 Bg6 21.
b4 a5 22. Ne2 axb4 23. Rxa8 Qxa8 24. cxb4 Qa3 25. Qd2 Re7 26. Ng3 Rxe1+ 27. Qxe1
h5 28. h4 d4 29. Qe6+ Kh7 30. Qd7 Qxb4 31. Qxc6 Qe1+ 32. Kh2 d3 33. Qd7 d2 34.
Nf5 Qe5+ 35. Ng3 Qf4 36. c6 Bf5 37. Qd5 Bg4 38. c7 Qxf2 39. Qd3+ f5 40. c8=Q
d1=Q 41. Qxd1 Bxd1 42. Qxf5+ Qxf5 43. Nxf5 Kg6 44. Ne3 Bb3 45. Kg3 Kf6 46. Kf4
Be6 47. Nc2 Bd5 48. g3 g6 49. Nd4 Bb7 50. Nb5 Bc6 51. Nd6 Bd7 52. Ne4+ Kg7 53.
Ke5 Bf5 54. Ng5 Bg4 55. Ne4 Bf5 56. Nd6 Bg4 57. Kf4 Bd7 58. Kg5 Bc6 59. Nc4 Be4
60. Ne5 Bb1 61. Nc6 Kf7 62. Nb4 Ke6 63. Nc6 Kd6 64. Nd4 Ke5 65. Ne2 Ke6 66. Nf4+
Kf7 67. Nd5 Ke6 68. Nc3 Bc2 69. Ne2 Bb1 70. Nd4+ Kf7 71. Nf3 Ke6 72. Nd4+ Kf7
73. Nb5 Ke6 74. Nc3 Bc2 75. Ne2 Bb1 76. Kf4 Kf6 77. Nc3 Bc2 78. Nd5+ Ke6 79. Ne3
Bb1 80. Kg5 Ke5 81. Ng2 Ke6 82. Nf4+ Kf7 83. Nd5 Ke6 84. Nc3 Bc2 85. Ne2 1/2-1/2

[Event "Mondiale Lampo FIDE 2019"]
[Site "Mosca"]
[Date "30.12.2019"]
[Round "15.85"]
[White "Kovalev, Vladislav"]
[Black "Lobanov, Sergei"]
[Result "1/2-1/2"]
[WhiteTitle "GM"]
[BlackTitle "IM"]
[WhiteElo "2662"]
[BlackElo "2504"]
[WhiteFideId "13504398"]
[BlackFideId "24183750"]
[EventDate "2019.12.29"]

1. e4 c6 2. d4 d5 3. exd5 cxd5 4. Bd3 Nc6 5. c3 Nf6 6. Ne2 g6 7. O-O Bf5 8. Bxf5
gxf5 9. Nd2 e6 10. Re1 Qc7 11. Nf1 Bd6 12. Bg5 Ne4 13. Bh4 Rg8 14. f3 Ng5 15.
Kh1 f4 16. Rc1 Qa5 17. a4 Ne7 18. b4 Qd8 19. Qd3 Nf5 20. Bf2 Qf6 21. g4 fxg3 22.
Nfxg3 Nh4 23. f4 Nh3 24. Be3 Qg7 25. Rf1 Qg4 26. Qxh7 Nf5 27. Bd2 O-O-O 28. Qh5
Qxh5 29. Nxh5 Rh8 30. Nhg3 Nh4 31. f5 Rde8 32. fxe6 Rxe6 33. Nf4 Bxf4 34. Bxf4
Nxf4 35. Rxf4 Re3 36. Rcf1 Rxc3 37. Rxf7 Rc4 38. b5 Rxd4 39. Kg1 Rxa4 40. Rc1+
Kb8 41. Rcc7 Re8 42. Rxb7+ Kc8 43. Rbc7+ Kb8 44. Rfe7 Ra1+ 45. Kf2 Ra2+ 46. Ke3
Rxe7+ 47. Rxe7 Rxh2 1/2-1/2